| 000 | 00417nam a22001577a 4500 | ||
|---|---|---|---|
| 999 |
_c535329 _d535329 |
||
| 003 | NUST | ||
| 020 |
_a012545603196 _qPB. |
||
| 038 | _aFizza Ishaq | ||
| 082 |
_a620.112 _bSIN |
||
| 100 |
_aPytel, Andrew and Singer, Ferdinand L. _929821 |
||
| 245 |
_aStrength of Materials / _cAndrew Pytel and Ferdinand L. Singer |
||
| 250 | _a4th ed. | ||
| 260 |
_aUK _bHarper, _c2017. |
||
| 300 | _a550 p. ; | ||
| 942 |
_2ddc _cBK |
||